[Event "3rd Memory of Nebesna Sotnya-2016 R"]
[Site "Lutsk"]
[Date "2016.02.20"]
[Round "4.2"]
[White "Bogdanovich, Stanislav"]
[Black "Grekh, Andrey"]
[Result "1/2-1/2"]
[WhiteElo "2665"]
[BlackElo "2399"]
[PlyCount "74"]
[EventDate "2016.02.20"]
[EventType "swiss (rapid)"]
[EventRounds "11"]
[EventCountry "UKR"]

1. d4 Nf6 2. c4 e6 3. Nf3 c5 4. e3 cxd4 5. exd4 d5 6. Nc3 Nc6 7. Bg5 Be7 8. Rc1
O-O 9. Be2 Ne4 10. Bxe7 Qxe7 11. O-O Nxc3 12. Rxc3 dxc4 13. Rxc4 Rd8 14. Qc1
Bd7 15. Bd3 Nb4 16. Bb1 Rac8 17. Ne5 Rxc4 18. Qxc4 Be8 19. Be4 Bc6 20. Bxc6
Nxc6 21. Nxc6 bxc6 22. Qxc6 Rxd4 23. Rc1 h6 24. g3 Rd2 25. Rc2 Rd1+ 26. Kg2 g6
27. Qa8+ Kg7 28. Rc8 Qd7 29. Rg8+ Kh7 30. Rh8+ Kg7 31. Rg8+ Kh7 32. Rb8 Qd3 33.
Rh8+ Kg7 34. Rg8+ Kh7 35. Rh8+ Kg7 36. Rg8+ Kh7 37. Rh8+ Kg7 1/2-1/2

[Event "3rd Memory of Nebesna Sotnya-2016 R"]
[Site "Lutsk"]
[Date "2016.02.20"]
[Round "4.3"]
[White "Rakhmangulov, Andrei"]
[Black "Kuzubov, Yuriy"]
[Result "0-1"]
[WhiteElo "2360"]
[BlackElo "2574"]
[PlyCount "98"]
[EventDate "2016.02.20"]
[EventType "swiss (rapid)"]
[EventRounds "11"]
[EventCountry "UKR"]

1. d4 f5 2. Bg5 h6 3. Bh4 g5 4. Bg3 Nf6 5. e3 d6 6. Be2 e6 7. Bh5+ Ke7 8. Be2
Kf7 9. Nc3 Bg7 10. h4 g4 11. h5 Nc6 12. f3 e5 13. d5 Ne7 14. Bh4 gxf3 15. gxf3
c6 16. e4 Qb6 17. Bc4 cxd5 18. Bxf6 Bxf6 19. Nxd5 Bh4+ 20. Rxh4 Qxg1+ 21. Ke2
Qg2+ 22. Kd3 Be6 23. Nxe7 Bxc4+ 24. Kxc4 Kxe7 25. Kb3 Qf2 26. Qe1 Qxf3+ 27. c3
Rhg8 28. Qd2 fxe4 29. Qd5 Qf7 30. Qxf7+ Kxf7 31. Rxe4 Ke6 32. c4 Raf8 33. Rae1
Rg3+ 34. Kb4 Rf2 35. R4e2 Rxe2 36. Rxe2 Rg5 37. Rf2 Rxh5 38. Rf8 Kd7 39. Rf6
Rh2 40. Kc3 a5 41. b3 h5 42. a3 Rh3+ 43. Kc2 h4 44. Rh6 Rh1 45. b4 axb4 46.
axb4 h3 47. c5 dxc5 48. bxc5 h2 49. Kb2 e4 0-1

[Event "3rd Memory of Nebesna Sotnya-2016 R"]
[Site "Lutsk"]
[Date "2016.02.20"]
[Round "4.4"]
[White "Razin, Vadim"]
[Black "Reshetkov, Kirill"]
[Result "1-0"]
[WhiteElo "2562"]
[BlackElo "2332"]
[PlyCount "36"]
[EventDate "2016.02.20"]
[EventType "swiss (rapid)"]
[EventRounds "11"]
[EventCountry "UKR"]

1. d4 c5 2. d5 Nf6 3. Nc3 Qa5 4. Bd2 b5 5. e4 b4 6. e5 bxc3 7. Bxc3 Qa4 8. exf6
gxf6 9. Bd3 Bb7 10. Qf3 Na6 11. b3 Qh4 12. Ne2 Nb4 13. Be4 Rg8 14. a3 f5 15.
Qxf5 e6 16. Qxh7 Rg4 17. dxe6 Rxe4 18. Qxf7+ Kd8 1-0

[Event "3rd Memory of Nebesna Sotnya-2016 R"]
[Site "Lutsk"]
[Date "2016.02.20"]
[Round "4.5"]
[White "Korol, Dimitry"]
[Black "Bernadskiy, Vitaliy"]
[Result "0-1"]
[WhiteElo "2309"]
[BlackElo "2552"]
[PlyCount "130"]
[EventDate "2016.02.20"]
[EventType "swiss (rapid)"]
[EventRounds "11"]
[EventCountry "UKR"]

1. d4 Nf6 2. c4 e6 3. Nc3 Bb4 4. Qc2 d6 5. Bg5 O-O 6. e3 h6 7. Bh4 c5 8. Bd3
Nc6 9. Nge2 Ba5 10. a3 cxd4 11. Nxd4 Ne5 12. Be2 Ng6 13. Bg3 Bxc3+ 14. Qxc3 h5
15. f3 e5 16. Nb3 Be6 17. O-O Rc8 18. Qb4 b5 19. Na5 Qb6 20. Bf2 bxc4 21. e4
Qxb4 22. axb4 Nf4 23. Rfe1 Rc7 24. Rad1 Rb8 25. Rxd6 Rxb4 26. Bf1 Rxb2 27. Rc1
c3 28. Nc6 c2 29. Nxe5 Bb3 30. Be3 Ne6 31. Nd3 Rb1 32. Ra6 Rd7 33. Rxa7 Rd8 34.
Rb7 Bc4 35. Rbxb1 cxb1=Q 36. Rxb1 Bxd3 37. Bxd3 Rxd3 38. Bf2 Nf4 39. Re1 Rb3
40. Be3 Nd3 41. Rd1 Kh7 42. h4 Kg6 43. Rd2 Nd7 44. Bd4 f6 45. Kh2 N7e5 46. Kg3
Rb4 47. Bc3 Rc4 48. Ba1 Nc5 49. Rd5 Ned7 50. Rd6 Ra4 51. Bb2 Rb4 52. Ba1 Nf8
53. e5 Rb1 54. Bd4 Nce6 55. exf6 gxf6 56. Bc3 Rb3 57. Ba1 Kf7 58. Ra6 Nd7 59.
Ra7 Rd3 60. Bb2 Kg6 61. Ra6 Ndc5 62. Rc6 Rb3 63. Ba1 Rb1 64. Bc3 Rc1 65. Bxf6
Ne4+ 0-1

[Event "3rd Memory of Nebesna Sotnya-2016 R"]
[Site "Lutsk"]
[Date "2016.02.20"]
[Round "4.6"]
[White "Bordovsky, Vladimir"]
[Black "Zubarev, Alexander"]
[Result "0-1"]
[WhiteElo "2299"]
[BlackElo "2523"]
[PlyCount "130"]
[EventDate "2016.02.20"]
[EventType "swiss (rapid)"]
[EventRounds "11"]
[EventCountry "UKR"]

1. Nf3 Nf6 2. c4 b6 3. g3 Bb7 4. Bg2 c5 5. O-O g6 6. b3 Bg7 7. Bb2 O-O 8. Nc3
Na6 9. Rc1 Rc8 10. e3 e6 11. Nb5 d5 12. a3 dxc4 13. bxc4 Nc7 14. Nxa7 Ra8 15.
Nb5 Nxb5 16. cxb5 Ra5 17. a4 Qa8 18. Ra1 Rd8 19. Bc3 Ra7 20. Nh4 Ne4 21. Bxg7
Kxg7 22. d3 c4 23. d4 c3 24. Bxe4 Bxe4 25. f3 Bd5 26. e4 Bc4 27. Re1 Bxb5 28.
Qb3 Rxa4 29. Qxc3 Qc6 30. Qxc6 Bxc6 31. Rxa4 Bxa4 32. Rb1 b5 33. Rb4 Rc8 34.
Ng2 Rc1+ 35. Kf2 Rc2+ 36. Kg1 Kf6 37. h4 Ke7 38. g4 Kd8 39. Kh2 Kc7 40. Kg3 Kb6
41. Ne3 Rc3 42. Kf4 Ka5 43. Rb2 b4 44. e5 Bc6 45. Ra2+ Kb6 46. Rb2 Kb5 47. Rd2
b3 48. d5 Bxd5 49. Nxd5 exd5 50. Rxd5+ Kc4 51. Rd8 b2 52. Rc8+ Kd3 53. Rb8 Kc2
54. Rxb2+ Kxb2 55. Kg5 Rxf3 56. Kh6 Kc3 57. Kxh7 Kd4 58. e6 fxe6 59. Kxg6 e5
60. h5 e4 61. h6 e3 62. h7 Rh3 63. Kg7 e2 64. h8=Q Rxh8 65. Kxh8 e1=Q 0-1

[Event "3rd Memory of Nebesna Sotnya-2016 R"]
[Site "Lutsk"]
[Date "2016.02.20"]
[Round "4.7"]
[White "Kislinsky, Alexey"]
[Black "Mikhalsky, Vladimir"]
[Result "0-1"]
[WhiteElo "2506"]
[BlackElo "2296"]
[PlyCount "130"]
[EventDate "2016.02.20"]
[EventType "swiss (rapid)"]
[EventRounds "11"]
[EventCountry "UKR"]

1. e4 d6 2. d4 Nf6 3. Nc3 g6 4. h4 h5 5. Nh3 Bxh3 6. Rxh3 c6 7. Rd3 Bg7 8. Bg5
Qa5 9. Qd2 Nbd7 10. f3 O-O-O 11. a3 Rhe8 12. b4 Qc7 13. a4 Kb8 14. Rb1 d5 15.
e5 Nh7 16. Bf4 e6 17. Kd1 Nb6 18. Re3 f6 19. Re1 g5 20. hxg5 fxg5 21. Bh2 Nc4
22. Bxc4 dxc4 23. Ne4 Bf8 24. c3 Ka8 25. Qe2 g4 26. Qxc4 gxf3 27. gxf3 Qf7 28.
Ke2 Bh6 29. b5 cxb5 30. Qxb5 Ng5 31. Nf6 Re7 32. Rg1 Rc7 33. Qd3 Rdc8 34. Rb3
Nh3 35. Rg2 Bf4 36. Qe4 Bxh2 37. Rxh2 Qg7 38. Qh4 Ng1+ 39. Kf2 Rxc3 40. Rxc3
Rxc3 41. Qe4 Rxf3+ 42. Qxf3 Nxf3 43. Kxf3 b5 44. axb5 Qb7+ 45. Ke3 Qxb5 46.
Rxh5 Qb3+ 47. Ke4 Qc2+ 48. Ke3 Qc1+ 49. Ke4 Qe1+ 50. Kd3 Qb1+ 51. Kc4 Qa2+ 52.
Kc5 a5 53. Rh7 a4 54. Rd7 a3 55. Kb6 Qb3+ 56. Ka6 Qa4+ 57. Kb6 Qxd7 58. Nxd7 a2
59. d5 exd5 60. e6 a1=Q 61. Kc6 d4 62. e7 Qe1 63. Kd6 d3 64. Ne5 Qb4+ 65. Ke6
Qxe7+ 0-1

[Event "3rd Memory of Nebesna Sotnya-2016 R"]
[Site "Lutsk"]
[Date "2016.02.20"]
[Round "4.8"]
[White "Babiy, Igor"]
[Black "Firman, Nazar"]
[Result "0-1"]
[WhiteElo "2257"]
[BlackElo "2491"]
[PlyCount "82"]
[EventDate "2016.02.20"]
[EventType "swiss (rapid)"]
[EventRounds "11"]
[EventCountry "UKR"]

1. Nf3 g6 2. c4 Bg7 3. Nc3 e5 4. g3 Nc6 5. Bg2 Nge7 6. O-O O-O 7. Rb1 a5 8. a3
Nd4 9. b4 axb4 10. axb4 c6 11. e3 Nxf3+ 12. Bxf3 d5 13. cxd5 cxd5 14. Bb2 Be6
15. d4 exd4 16. exd4 Nc6 17. Ne2 Bh3 18. Re1 Bf5 19. b5 Bxb1 20. bxc6 Be4 21.
cxb7 Rb8 22. Nf4 Rxb7 23. Ba3 Rb1 24. Qxb1 Bxb1 25. Bxf8 Be4 26. Bxe4 Qa5 27.
Re2 Kxf8 28. Bxd5 g5 29. Bc6 Bxd4 30. Nh5 f5 31. h3 Qc3 32. Bg2 f4 33. gxf4
gxf4 34. Re4 Be5 35. Bf1 Qc7 36. Be2 Qd6 37. Bf3 Kf7 38. Kh2 Kg6 39. Rc4 Qd2
40. Kg2 Bd4 41. Rc6+ Kg5 0-1

[Event "3rd Memory of Nebesna Sotnya-2016 R"]
[Site "Lutsk"]
[Date "2016.02.20"]
[Round "5.1"]
[White "Onischuk, Vladimir"]
[Black "Firman, Nazar"]
[Result "1-0"]
[WhiteElo "2739"]
[BlackElo "2491"]
[PlyCount "68"]
[EventDate "2016.02.20"]
[EventType "swiss (rapid)"]
[EventRounds "11"]
[EventCountry "UKR"]

1. e4 e6 2. d4 d5 3. Bd3 Nc6 4. Nf3 Nb4 5. O-O Nxd3 6. cxd3 Nf6 7. Nc3 Be7 8.
Bf4 O-O 9. Rc1 c6 10. Re1 b6 11. Qb3 Bb7 12. exd5 exd5 13. h3 Nh5 14. Bc7 Qd7
15. Bh2 Bd6 16. Ne5 Qd8 17. Qd1 g6 18. Qg4 Ng7 19. Ne2 Rc8 20. Nf4 Rc7 21. Re2
Re8 22. Qf3 Nf5 23. Ng4 Rxe2 24. Nxe2 Bxh2+ 25. Kxh2 Qd6+ 26. Ng3 Nxd4 27. Qf6
Qxf6 28. Nxf6+ Kf8 29. Nxd5 Rd7 30. Nf6 Rd8 31. Nxh7+ Kg7 32. Ng5 f6 33. N5e4
Ba6 34. Rc3 Bb5 1-0

[Event "3rd Memory of Nebesna Sotnya-2016 R"]
[Site "Lutsk"]
[Date "2016.02.20"]
[Round "5.2"]
[White "Kuzubov, Yuriy"]
[Black "Polivanov, Anatoliy"]
[Result "0-1"]
[WhiteElo "2574"]
[BlackElo "2488"]
[PlyCount "108"]
[EventDate "2016.02.20"]
[EventType "swiss (rapid)"]
[EventRounds "11"]
[EventCountry "UKR"]

1. d4 e6 2. c4 d5 3. Nf3 c6 4. Bg5 Be7 5. Bxe7 Qxe7 6. e3 Nf6 7. Nbd2 O-O 8.
Rc1 b6 9. Bd3 Bb7 10. O-O Nbd7 11. Qe2 c5 12. cxd5 Nxd5 13. Nb3 cxd4 14. Nfxd4
Rac8 15. Ba6 N7f6 16. h3 Ne4 17. a3 Nc5 18. Nxc5 Rxc5 19. Rxc5 bxc5 20. Nf3
Bxa6 21. Qxa6 Rb8 22. Rc1 Rxb2 23. Qc8+ Qf8 24. Rxc5 Rb1+ 25. Kh2 Rb8 26. Qxf8+
Kxf8 27. Ne5 Rb2 28. Kg3 f6 29. Nf3 Ne7 30. e4 e5 31. Rc7 a6 32. Ra7 Re2 33.
Rxa6 Rxe4 34. Nd2 Rd4 35. Nf1 Rd3+ 36. Kh2 Nf5 37. a4 Ra3 38. Nd2 Nd4 39. Ne4
Ra2 40. Ra7 Re2 41. Nc5 Rxf2 42. a5 f5 43. Nd7+ Ke7 44. Nxe5+ Kf6 45. Nd3 Rd2
46. Nf4 g5 47. Nd5+ Ke5 48. Ne3 Kf4 49. Nd5+ Ke5 50. Ne3 Kf4 51. Nd5+ Ke4 52.
Nf6+ Ke5 53. Nxh7 Kf4 54. Nxg5 Kxg5 0-1

[Event "3rd Memory of Nebesna Sotnya-2016 R"]
[Site "Lutsk"]
[Date "2016.02.20"]
[Round "5.3"]
[White "Budnikov, Oleg"]
[Black "Razin, Vadim"]
[Result "1-0"]
[WhiteElo "2459"]
[BlackElo "2562"]
[PlyCount "55"]
[EventDate "2016.02.20"]
[EventType "swiss (rapid)"]
[EventRounds "11"]
[EventCountry "UKR"]

1. d4 d5 2. c4 dxc4 3. Nf3 Nf6 4. e3 e6 5. Bxc4 c5 6. O-O Nc6 7. Qe2 Qc7 8. Nc3
a6 9. a4 Be7 10. h3 O-O 11. Rd1 Rd8 12. b3 cxd4 13. exd4 Na5 14. Bb2 b6 15.
Rac1 Nxc4 16. bxc4 Bb7 17. d5 exd5 18. Nxd5 Nxd5 19. cxd5 Bc5 20. Ng5 Qf4 21.
Ne4 Re8 22. Rc4 Qf5 23. Qc2 Qh5 24. Nxc5 bxc5 25. Rg4 Rac8 26. Qc3 f6 27. Rxg7+
Kh8 28. Qxf6 1-0

[Event "3rd Memory of Nebesna Sotnya-2016 R"]
[Site "Lutsk"]
[Date "2016.02.20"]
[Round "5.4"]
[White "Bernadskiy, Vitaliy"]
[Black "Mirzoev, Emil"]
[Result "1-0"]
[WhiteElo "2552"]
[BlackElo "2412"]
[PlyCount "73"]
[EventDate "2016.02.20"]
[EventType "swiss (rapid)"]
[EventRounds "11"]
[EventCountry "UKR"]

1. d4 Nf6 2. c4 d6 3. Nf3 Nbd7 4. Nc3 c6 5. e4 e5 6. Be2 Be7 7. O-O O-O 8. Qc2
Qe8 9. b3 Bd8 10. Ba3 Bc7 11. Rad1 a5 12. dxe5 dxe5 13. Na4 b6 14. Bxf8 Nxf8
15. c5 b5 16. Nb6 Rb8 17. Nxc8 Rxc8 18. a4 b4 19. Ba6 Ra8 20. Bc4 Qe7 21. Ng5
Ne6 22. Nxe6 fxe6 23. Rd2 Rf8 24. Rfd1 Kh8 25. h3 Bb8 26. Qd3 Qxc5 27. Bxe6 Ba7
28. Qd6 Qxd6 29. Rxd6 Bd4 30. R1xd4 exd4 31. e5 Ne4 32. Rxd4 Nc3 33. Rc4 Ne2+
34. Kf1 Nf4 35. Bd7 Nd5 36. Rxc6 g5 37. Rc5 1-0

[Event "3rd Memory of Nebesna Sotnya-2016 R"]
[Site "Lutsk"]
[Date "2016.02.20"]
[Round "5.5"]
[White "Zubarev, Alexander"]
[Black "Mikhalsky, Vladimir"]
[Result "1-0"]
[WhiteElo "2523"]
[BlackElo "2296"]
[PlyCount "113"]
[EventDate "2016.02.20"]
[EventType "swiss (rapid)"]
[EventRounds "11"]
[EventCountry "UKR"]

1. d4 Nf6 2. c4 g6 3. Nc3 Bg7 4. e4 d6 5. Be2 h6 6. Be3 O-O 7. Qd2 Kh7 8. h3 e5
9. d5 c6 10. O-O-O cxd5 11. cxd5 Qa5 12. Kb1 Na6 13. Bxa6 bxa6 14. g4 Bd7 15.
Nge2 Rab8 16. Rc1 Rb4 17. f3 Rfb8 18. Rc2 Ne8 19. Nc1 R4b7 20. h4 Nc7 21. h5 g5
22. Nb3 Qb4 23. Ne2 Qxd2 24. Rxd2 Nb5 25. Rc1 Bf6 26. Na5 Rc7 27. Rxc7 Nxc7 28.
Bxa7 Rb5 29. Nc6 Rb7 30. Be3 Nb5 31. Kc1 Kg8 32. Rc2 Kf8 33. Kd2 Ke8 34. a4 Nd4
35. Bxd4 exd4 36. b4 d3 37. Kxd3 Rb6 38. Rc4 Bb2 39. Ned4 Bxd4 40. Kxd4 f6 41.
Kc3 Rb7 42. a5 Rc7 43. Nd4 Rb7 44. Nf5 Bxf5 45. gxf5 Kd7 46. Rc6 Ra7 47. b5
axb5 48. Kb4 Ra8 49. a6 Rb8 50. Ka5 b4 51. a7 Ra8 52. Ka6 b3 53. Rb6 Kc7 54.
Rb7+ Kc8 55. Rxb3 Kc7 56. Rc3+ Kd7 57. Kb7 1-0

[Event "3rd Memory of Nebesna Sotnya-2016 R"]
[Site "Lutsk"]
[Date "2016.02.20"]
[Round "5.6"]
[White "Mikhaletz, Lubomir"]
[Black "Bogdanovich, Stanislav"]
[Result "0-1"]
[WhiteElo "2356"]
[BlackElo "2665"]
[PlyCount "102"]
[EventDate "2016.02.20"]
[EventType "swiss (rapid)"]
[EventRounds "11"]
[EventCountry "UKR"]

1. d4 d5 2. Nf3 c6 3. c4 dxc4 4. e4 b5 5. a4 Nf6 6. e5 Nd5 7. b3 Qa5+ 8. Bd2 c3
9. Nxc3 bxa4 10. Nxd5 Qxd5 11. Rxa4 e6 12. Bc4 Qd8 13. O-O Nd7 14. Qa1 Qc7 15.
Qa2 Nb6 16. Ra5 Be7 17. Ra1 O-O 18. Bd3 Bb7 19. Qc2 h6 20. Rxa7 c5 21. dxc5
Rxa7 22. Rxa7 Nc8 23. Ra5 Rd8 24. b4 Bxf3 25. gxf3 Qxe5 26. Be3 Bf6 27. c6 Qd6
28. c7 Re8 29. b5 Qb4 30. Ra8 Bd4 31. Qc4 Qe1+ 32. Kg2 Bxe3 33. fxe3 Qxe3 34.
Qe4 Qg5+ 35. Kf1 Qc1+ 36. Ke2 Qxc7 37. b6 Qxh2+ 38. Kf1 Qh1+ 39. Kf2 Qh2+ 40.
Kf1 Qh1+ 41. Kf2 Qh2+ 42. Kf1 Qh3+ 43. Kf2 Qh2+ 44. Kf1 f5 45. Qc6 Qh1+ 46. Kf2
Qh2+ 47. Kf1 Qh1+ 48. Ke2 Qg2+ 49. Ke3 f4+ 50. Kd4 Qb2+ 51. Ke4 Qb4+ 0-1

[Event "3rd Memory of Nebesna Sotnya-2016 R"]
[Site "Lutsk"]
[Date "2016.02.20"]
[Round "5.8"]
[White "Oleksiyenko, Mykhaylo"]
[Black "Klymchuk, Andriy"]
[Result "1/2-1/2"]
[WhiteElo "2536"]
[BlackElo "2385"]
[PlyCount "101"]
[EventDate "2016.02.20"]
[EventType "swiss (rapid)"]
[EventRounds "11"]
[EventCountry "UKR"]

1. e4 c5 2. Nf3 Nc6 3. d4 cxd4 4. Nxd4 g6 5. c4 Bg7 6. Be3 Nf6 7. Nc3 O-O 8.
Be2 d6 9. Qd2 Nxd4 10. Bxd4 Bd7 11. O-O Bc6 12. f3 a5 13. b3 Nd7 14. Be3 Nc5
15. Rab1 Be5 16. g3 e6 17. Rbd1 Qe7 18. Bg5 f6 19. Be3 f5 20. exf5 Rxf5 21. Bd4
Bxd4+ 22. Qxd4 Raf8 23. Qxd6 Qxd6 24. Rxd6 Bxf3 25. Rxf3 Rxf3 26. Bxf3 Rxf3 27.
Ne2 Rd3 28. Rxd3 Nxd3 29. Kg2 Kf7 30. Kf3 Nc5 31. Nc3 Ke7 32. Ke3 Kd6 33. Nb5+
Ke5 34. Nd4 Kf6 35. Nf3 e5 36. g4 h5 37. h3 hxg4 38. hxg4 e4 39. Nd2 Kg5 40. a3
Kxg4 41. b4 axb4 42. axb4 Na6 43. b5 Nb8 44. Nxe4 b6 45. Kd4 Kf4 46. Kd5 Nd7
47. c5 bxc5 48. Nxc5 Nb6+ 49. Kc6 Nc4 50. Nd3+ Ke3 51. Nc5 1/2-1/2

[Event "3rd Memory of Nebesna Sotnya-2016 R"]
[Site "Lutsk"]
[Date "2016.02.20"]
[Round "6.1"]
[White "Zubarev, Alexander"]
[Black "Onischuk, Vladimir"]
[Result "1-0"]
[WhiteElo "2523"]
[BlackElo "2739"]
[PlyCount "141"]
[EventDate "2016.02.20"]
[EventType "swiss (rapid)"]
[EventRounds "11"]
[EventCountry "UKR"]

1. c4 d6 2. g3 g6 3. Bg2 Bg7 4. Nc3 Nf6 5. Nf3 O-O 6. O-O e5 7. d3 Nc6 8. Rb1
a5 9. a3 Re8 10. Bg5 h6 11. Bxf6 Bxf6 12. Nd2 Bg7 13. b4 axb4 14. axb4 e4 15.
Nd5 exd3 16. exd3 Nd4 17. b5 c6 18. bxc6 bxc6 19. Ne3 Ra2 20. Re1 h5 21. h4 Bh6
22. Ne4 Bxe3 23. Rxe3 Bg4 24. Nf6+ Qxf6 25. Rxe8+ Kg7 26. Qe1 Ne2+ 27. Kh2 Qd4
28. Re4 Qf6 29. Re8 Qd4 30. Re4 Qf6 31. Re8 Qd4 32. Re3 Qf6 33. f3 Nd4 34. fxg4
Nf3+ 35. Rxf3 Qxf3 36. Qg1 hxg4 37. Qd4+ Kh7 38. Rg1 d5 39. cxd5 cxd5 40. Qf4
Rf2 41. Qd4 Rd2 42. Qa7 Kg7 43. Qa1+ Kg8 44. Qa8+ Kg7 45. Qa1+ Kg8 46. Qf1 Rf2
47. Qe1 Re2 48. Qb1 Rf2 49. d4 Kg7 50. Qb8 Re2 51. Qf4 f5 52. Qc7+ Kh6 53. Qb8
Kh7 54. Kh1 Qf2 55. Qc7+ Kh6 56. Qd8 Kg7 57. Qd7+ Kh6 58. Qd8 Kg7 59. Qc7+ Kh6
60. Qf4+ Qxf4 61. gxf4 Kh5 62. Rd1 Kxh4 63. Bxd5 Kg3 64. Bc6 Kxf4 65. d5 g3 66.
d6 Rh2+ 67. Kg1 Rh8 68. d7 Rd8 69. Re1 Rb8 70. Bb7 g5 71. Bc8 1-0

[Event "3rd Memory of Nebesna Sotnya-2016 R"]
[Site "Lutsk"]
[Date "2016.02.20"]
[Round "6.2"]
[White "Polivanov, Anatoliy"]
[Black "Bernadskiy, Vitaliy"]
[Result "0-1"]
[WhiteElo "2488"]
[BlackElo "2552"]
[PlyCount "116"]
[EventDate "2016.02.20"]
[EventType "swiss (rapid)"]
[EventRounds "11"]
[EventCountry "UKR"]

1. e4 c6 2. d4 d5 3. e5 Bf5 4. Nf3 e6 5. Be2 Nd7 6. O-O Bg6 7. Nbd2 Nh6 8. Nb3
Nf5 9. g4 Nh4 10. Nxh4 Qxh4 11. Bf4 h5 12. Bg3 Qh3 13. f3 Be7 14. Rf2 hxg4 15.
Bf1 Qh6 16. fxg4 Bg5 17. c4 dxc4 18. Na5 Be3 19. Nxc4 Bxf2+ 20. Kxf2 O-O 21.
Qc1 Qxc1 22. Rxc1 f6 23. Kg1 fxe5 24. dxe5 Nc5 25. Nd6 Ne4 26. Bc4 Nxg3 27.
hxg3 Rf3 28. Kg2 Re3 29. Bxe6+ Kf8 30. Rf1+ Ke7 31. Bf5 Rxe5 32. Nc4 Re2+ 33.
Kf3 Bxf5 34. Kxe2 Bxg4+ 35. Ke3 Be6 36. b3 Rh8 37. Ne5 Rh2 38. Ng6+ Kd6 39.
Rd1+ Kc7 40. Nf4 Bg4 41. Rd4 Rxa2 42. Nd5+ cxd5 43. Rxg4 Ra3 44. Rxg7+ Kc6 45.
Kd4 Rxb3 46. Rg6+ Kb5 47. Kxd5 a5 48. g4 a4 49. Rg7 b6 50. g5 Rg3 51. g6 a3 52.
Ra7 Kb4 53. g7 b5 54. Ke5 Kb3 55. Kf6 a2 56. Ra5 Rxg7 57. Rxb5+ Ka4 58. Rb8 Ra7
0-1

[Event "3rd Memory of Nebesna Sotnya-2016 R"]
[Site "Lutsk"]
[Date "2016.02.20"]
[Round "6.3"]
[White "Bogdanovich, Stanislav"]
[Black "Budnikov, Oleg"]
[Result "1/2-1/2"]
[WhiteElo "2665"]
[BlackElo "2459"]
[PlyCount "137"]
[EventDate "2016.02.20"]
[EventType "swiss (rapid)"]
[EventRounds "11"]
[EventCountry "UKR"]

1. d4 Nf6 2. c4 e6 3. Nf3 d5 4. Nc3 c6 5. Qd3 Nbd7 6. g3 b6 7. Bg2 Ba6 8. b3
Rc8 9. O-O Be7 10. Rd1 O-O 11. e4 c5 12. e5 dxc4 13. bxc4 Nd5 14. Nb5 Bxb5 15.
cxb5 c4 16. Qc2 a6 17. a4 a5 18. Be3 Re8 19. Bf1 c3 20. Bd3 Nf8 21. Be4 Rc4 22.
Rdc1 Qd7 23. Qe2 Rec8 24. Ne1 Ng6 25. Nc2 Bf8 26. Bd3 R4c7 27. h4 Nge7 28. Qf3
Nb4 29. Be4 Ned5 30. h5 Nxc2 31. Rxc2 Nb4 32. Re2 c2 33. Rc1 Rc3 34. Qg4 R8c4
35. Bd2 Ra3 36. Bxb4 axb4 37. Rexc2 Rxc2 38. Rxc2 b3 39. Rb2 Rxa4 40. Bc6 Qxd4
41. Qxd4 Rxd4 42. Rxb3 g6 43. hxg6 hxg6 44. Rb2 Bc5 45. Ra2 g5 46. Kg2 g4 47.
Re2 Kg7 48. Be4 Kh6 49. f3 gxf3+ 50. Bxf3 Rb4 51. Bc6 Kg7 52. Ra2 Bd4 53. Re2
Rb2 54. Rxb2 Bxb2 55. g4 Bxe5 56. Kf3 Kf6 57. Be8 Bd6 58. Ke4 Ke7 59. Bc6 Kf8
60. Bd7 Kg7 61. Bc6 Kf6 62. Be8 Bc7 63. Kf3 Ke7 64. Bc6 f6 65. Ke4 Kf8 66. Bd7
Kf7 67. Bc8 Ke7 68. Kf3 Kd6 69. Ke4 1/2-1/2

[Event "3rd Memory of Nebesna Sotnya-2016 R"]
[Site "Lutsk"]
[Date "2016.02.20"]
[Round "6.4"]
[White "Bordovsky, Vladimir"]
[Black "Kuzubov, Yuriy"]
[Result "0-1"]
[WhiteElo "2299"]
[BlackElo "2574"]
[PlyCount "66"]
[EventDate "2016.02.20"]
[EventType "swiss (rapid)"]
[EventRounds "11"]
[EventCountry "UKR"]

1. Nf3 f5 2. e4 fxe4 3. Ng5 Nf6 4. d3 e5 5. Nc3 Bb4 6. dxe4 h6 7. Nf3 d6 8. Bd3
Bg4 9. h3 Bh5 10. Bd2 Nc6 11. a3 Bxc3 12. Bxc3 Qd7 13. Qe2 Rf8 14. O-O-O O-O-O
15. Kb1 Kb8 16. Rhg1 Qe7 17. g4 Be8 18. h4 h5 19. g5 Nd7 20. b4 Rc8 21. Bb2 Nd8
22. Rg3 Ne6 23. Bc4 Nf4 24. Qf1 Ng6 25. Bd3 Bf7 26. c4 Be6 27. Rc1 Rf7 28. c5
dxc5 29. bxc5 Rcf8 30. c6 Nc5 31. Nxe5 Nxe5 32. Bxe5 Rxf2 33. Bf6 Ba2+ 0-1

[Event "3rd Memory of Nebesna Sotnya-2016 R"]
[Site "Lutsk"]
[Date "2016.02.20"]
[Round "6.5"]
[White "Razin, Vadim"]
[Black "Bogatyrev, Sergey"]
[Result "0-1"]
[WhiteElo "2562"]
[BlackElo "2300"]
[PlyCount "118"]
[EventDate "2016.02.20"]
[EventType "swiss (rapid)"]
[EventRounds "11"]
[EventCountry "UKR"]

1. d4 d5 2. Nf3 Nf6 3. Bg5 Ne4 4. Bf4 Bf5 5. e3 e6 6. Nbd2 Bd6 7. Ne5 O-O 8. h4
f6 9. Nd3 Nxd2 10. Qxd2 Bxd3 11. Qxd3 Bxf4 12. exf4 Qd6 13. Qd2 e5 14. dxe5
fxe5 15. O-O-O c6 16. fxe5 Qxe5 17. Re1 Qf4 18. Qxf4 Rxf4 19. Bd3 Nd7 20. f3
Nc5 21. Re7 Nxd3+ 22. cxd3 Rf7 23. Rhe1 Kf8 24. R7e3 g6 25. g3 Rd8 26. f4 Rdd7
27. d4 Rde7 28. Re5 Rxe5 29. dxe5 h5 30. Kd2 Ke7 31. b4 Ke6 32. Ke3 b6 33. Rc1
Rc7 34. Kd4 Rc8 35. a4 Rc7 36. a5 Rc8 37. Rc2 Rc7 38. Rc3 Rc8 39. Rc1 Rc7 40.
axb6 axb6 41. Ra1 c5+ 42. bxc5 bxc5+ 43. Kc3 Rc6 44. Ra8 Ke7 45. Kc2 Kd7 46.
Rg8 c4 47. Rg7+ Kd8 48. e6 Rxe6 49. f5 gxf5 50. Rg5 d4 51. Rxf5 Re2+ 52. Kd1 d3
53. Rc5 Rc2 54. Rxh5 Ke7 55. Rd5 Ke6 56. Rd8 Ke5 57. h5 Rh2 58. Rc8 Kd4 59. g4
Rh1+ 0-1

[Event "3rd Memory of Nebesna Sotnya-2016 R"]
[Site "Lutsk"]
[Date "2016.02.20"]
[Round "6.7"]
[White "Vetoshko, Volodymyr"]
[Black "Oleksiyenko, Mykhaylo"]
[Result "1/2-1/2"]
[WhiteElo "2274"]
[BlackElo "2536"]
[PlyCount "76"]
[EventDate "2016.02.20"]
[EventType "swiss (rapid)"]
[EventRounds "11"]
[EventCountry "UKR"]

1. Nf3 Nf6 2. b3 d5 3. Bb2 Bg4 4. g3 Bxf3 5. exf3 e6 6. Bg2 Be7 7. O-O O-O 8.
f4 Nbd7 9. c4 c6 10. d4 Rb8 11. Nd2 dxc4 12. bxc4 c5 13. Nb3 Qc7 14. dxc5 Bxc5
15. Nxc5 Qxc5 16. Bd4 Qa5 17. Qb3 b6 18. Qb5 Qa3 19. Rfd1 Rfd8 20. Bb2 Qe7 21.
a4 Nc5 22. a5 Rxd1+ 23. Rxd1 Rd8 24. Ra1 Nfd7 25. axb6 axb6 26. h3 h6 27. Bd4
Qd6 28. Be3 Qc7 29. Qc6 Qxc6 30. Bxc6 Rc8 31. Bf3 Kf8 32. Kg2 Ke7 33. Ra7 Kd6
34. Bd4 f6 35. Be3 Nb3 36. Ra3 Nbc5 37. Ra1 Ke7 38. Ra7 Kd6 1/2-1/2

[Event "3rd Memory of Nebesna Sotnya-2016 R"]
[Site "Lutsk"]
[Date "2016.02.20"]
[Round "6.8"]
[White "Bortnyk, Mykola"]
[Black "Polishchuk, Oleg"]
[Result "1-0"]
[WhiteElo "2535"]
[BlackElo "2278"]
[PlyCount "131"]
[EventDate "2016.02.20"]
[EventType "swiss (rapid)"]
[EventRounds "11"]
[EventCountry "UKR"]

1. e4 g6 2. d4 Bg7 3. Nc3 c6 4. Nf3 d5 5. h3 Nf6 6. e5 Ne4 7. Nxe4 dxe4 8. Ng5
c5 9. Bb5+ Nc6 10. Bxc6+ bxc6 11. dxc5 Qxd1+ 12. Kxd1 Bxe5 13. Nxe4 Bf5 14. f3
Bxe4 15. fxe4 Bd4 16. c3 Bxc5 17. Kc2 O-O 18. b4 Bd6 19. Be3 a5 20. a3 Rfb8 21.
Kd3 f6 22. Kc4 Kf7 23. Rhb1 Ke6 24. Bd4 a4 25. b5 cxb5+ 26. Rxb5 Rc8+ 27. Kd3
h5 28. c4 Rc6 29. c5 Be5 30. Bxe5 Kxe5 31. Kc4 Rd8 32. Rb6 Rcc8 33. Rc1 Rd4+
34. Kb5 Rxe4 35. c6 Re3 36. Ka6 Rxa3 37. Kb7 Rf8 38. c7 Ra2 39. c8=Q Rxc8 40.
Kxc8 Rxg2 41. Kd7 g5 42. Kxe7 f5 43. Rb4 Kd5 44. Rxa4 g4 45. Kf6 Rf2 46. Rd1+
Kc5 47. Ra5+ Kc4 48. Rxf5 Rh2 49. hxg4 hxg4 50. Rf4+ Kc5 51. Rxg4 Rf2+ 52. Ke5
Re2+ 53. Re4 Rh2 54. Rd5+ Kc6 55. Rc4+ Kb6 56. Rd1 Kb5 57. Rc8 Rh5+ 58. Kf4 Ka6
59. Rb8 Ka7 60. Rb2 Ra5 61. Ke3 Ra3+ 62. Rd3 Ra6 63. Kd2 Ra1 64. Kc2 Ra5 65.
Kb1 Ka8 66. Ra2 1-0